| 000 | 00789nam a2200253 a 4500 | ||
|---|---|---|---|
| 001 | 000044377 | ||
| 003 | DO-SdBNP | ||
| 005 | 20180322132226.0 | ||
| 007 | 000044377 | ||
| 008 | 140626s2014 dr a 000 0 spa d | ||
| 020 | _a9789993488547 | ||
| 040 |
_aBPMSU _bspa _cBPMSU |
||
| 092 |
_axxxx _bxxxx |
||
| 100 | 1 |
_aMorales Herrero, Tony, _d1973- |
|
| 245 | 1 | 4 |
_aEl niño inventor y la bruja Marleny / _cTony Morales Herrero |
| 250 | _a2a. ed. | ||
| 260 |
_aSanto Domingo : _bBango, _c2014 |
||
| 300 |
_a67 p. : _bil. ; _c23 cm. |
||
| 500 | _aIncluye datos biográficos del autor en la contracubierta | ||
| 586 | _aPremio nacional de literatura infantil 2009 | ||
| 942 |
_2ddc _cBK |
||
| 945 | _aTítulo remanejado para BNPHU /2017 VM | ||
| 956 |
_aVMATEO _b10 _c20150304 _lBPMSU _h00151 |
||
| 999 |
_c7548 _d7548 |
||